|
|
|
|
| LEADER |
00000nab a2200000 a 4500 |
| 001 |
vtls000827736 |
| 003 |
SK-MaSNL |
| 005 |
20260304104158.0 |
| 008 |
250429c2002 xo 0 slo |
| 015 |
|
|
|a SNBRB2003/03-07804
|
| 035 |
|
|
|a CLN000179391
|
| 035 |
|
|
|a urn:nbn:sk:snk-ab6s7i
|
| 035 |
|
|
|a (uuid)0709b276-15fd-4cc4-903b-04c7eabe439c
|
| 035 |
|
|
|a (urnnbn)urn:nbn:sk:snk:ar-a05hsb
|
| 035 |
|
|
|a (sysno)vtls000827736
|
| 040 |
|
|
|a SNKBUCL
|b slo
|c SNKBUCL
|e AACR2
|
| 041 |
0 |
|
|a slo
|
| 044 |
|
|
|a xo
|c SK
|
| 080 |
|
|
|a 657.44:340.13(100:437.6)
|2 1997
|
| 080 |
|
|
|a 657.41
|2 1997
|
| 080 |
|
|
|a 340.13(100:437.6)
|2 1997
|
| 100 |
1 |
|
|a Baštincová, Anna,
|d 1949-
|4 aut
|9 85357
|
| 245 |
1 |
0 |
|a Hospodársky výsledok v účtovníctve podnikateľov na Slovensku a v medzinárodných účtovných štandardoch
|c Anna Baštincová, Ladislav Kareš
|
| 300 |
|
|
|b Tab.
|
| 504 |
|
|
|a Res. angl.
|
| 504 |
|
|
|a Bibliogr. odkazy
|
| 650 |
0 |
7 |
|a výsledok hospodársky
|x účtovanie
|z Slovensko
|x štandardy účtovné medzinárodné
|2 snkbucl
|9 1403816
|
| 650 |
0 |
7 |
|a účtovníctvo
|2 snkbucl
|9 649
|
| 655 |
|
7 |
|a články z novín a časopisov
|2 snkbucl
|9 267496
|
| 700 |
1 |
|
|a Kareš, Ladislav
|4 aut
|9 9466
|
| 773 |
0 |
|
|t Ekonomický časopis
|g Roč. 50, č. 6 (2002), s. 1022-1039
|x 0013-3035
|
| 850 |
|
|
|a Slovenská národná knižnica
|
| 852 |
|
|
|a Slovenská národná knižnica
|
| 954 |
|
|
|a odborná, vedecká literatúra pôvodná (slovenská)
|2 lita
|
| 958 |
|
|
|a article27
|
| 958 |
|
|
|a NB
|
| 958 |
|
|
|a SK
|
| 958 |
|
|
|a OND
|
| 958 |
|
|
|a EUIPO
|
| 992 |
|
|
|a RBX
|
| 999 |
|
|
|c 2850913
|d 2852843
|